00697nam a2200205Ia 4500008004100000020001500041082001600056100001600072245004900088250000900137260002900146300001400175500002400189650001500213700001700228942000700245952011200252952011200364999001500476230524s9999 xx 000 0 und d a8121911400 a621.38bTHE aB.L.Theraja 2aA Text Book of Electrical Technology Vol-III a23TH aNEW DELHIbS.Chandc2004 aVIII;1457 aQuantity Number: 2 aElectrical a A.K.Theraja cBK 00104070aTATCLbTATCLcGENd2023-05-24l0o621.38 THEp6519r2023-05-24tVOL-IIIw2023-05-24yBKzBE2102 00104070aTATCLbTATCLcGENd2023-05-24l0o621.38 THEp6520r2023-05-24tVOL-IIIw2023-05-24yBKzBE2102 c1349d1349